Tuyển tập truyện ngắn các tác giả đoạt giải thưởng Hội Nhà Văn Việt Nam (1951 - 1997); T2

Đã lưu trong:
Bibliografiske detaljer
Format: Bog
Sprog:Undetermined
Udgivet: Hà Nội Hội Nhà Văn 1998
Fag:
Tags: Tilføj Tag
Ingen Tags, Vær først til at tagge denne postø!
Thư viện lưu trữ: Trung tâm Học liệu Trường Đại học Cần Thơ
LEADER 00597nam a2200169Ia 4500
001 CTU_27427
008 210402s9999 xx 000 0 und d
020 |b 43.000đ 
082 |a 895.922301 
082 |b T527/T2 
245 0 |a Tuyển tập truyện ngắn các tác giả đoạt giải thưởng Hội Nhà Văn Việt Nam (1951 - 1997); T2 
260 |a Hà Nội 
260 |b Hội Nhà Văn 
260 |c 1998 
650 |a short stories, vietnamese - 20th century - collections 
904 |i Minh, 981222 
980 |a Trung tâm Học liệu Trường Đại học Cần Thơ